قصة الحضارة: عصر نابوليون تاريخ الحضارة الاوروبية من 1789الى 1815، ج45-46-47، مجلد11، الكتاب الثالث (Record no. 30829)
[ view plain ]
| 000 -LEADER | |
|---|---|
| fixed length control field | 00995nam a2200193Ii 4500 |
| 003 - CONTROL NUMBER IDENTIFIER | |
| control field | JO-AjNU |
| 008 - FIXED-LENGTH DATA ELEMENTS--GENERAL INFORMATION | |
| fixed length control field | 230605s9999||||xx |||||||||||||| ||und|| |
| 040 ## - CATALOGING SOURCE | |
| Original cataloging agency | JO-AjNU |
| Language of cataloging | ara |
| Description conventions | rda |
| Transcribing agency | JO-AjNU |
| 041 ## - LANGUAGE CODE | |
| Language code of text/sound track or separate title | ara |
| 050 14 - LIBRARY OF CONGRESS CALL NUMBER | |
| Classification number | CB53.D8712 2002 |
| 100 3# - MAIN ENTRY--PERSONAL NAME | |
| Personal name | ديورانت، ول وايريل؛ ترجمة عبدالرحمن عبدالله الشيخ, |
| Relator term | author |
| 9 (RLIN) | 60454 |
| 245 00 - TITLE STATEMENT | |
| Title | قصة الحضارة: عصر نابوليون تاريخ الحضارة الاوروبية من 1789الى 1815، ج45-46-47، مجلد11، الكتاب الثالث |
| 264 31 - PRODUCTION, PUBLICATION, DISTRIBUTION, MANUFACTURE, AND COPYRIGHT NOTICE | |
| Place of production, publication, distribution, manufacture | بيروت،ابو ظبي: دار الجيل للنشر والطباعة والتوزيع،المجمع الثقافي، 2002 |
| 300 ## - PHYSICAL DESCRIPTION | |
| Extent | ج 45-46-47 ،مج ، الكتاب الثالث11: ترقيم متعدد |
| Other physical details | ويحتوي على قائمة مراجع وحواشي |
| 336 ## - CONTENT TYPE | |
| Content type term | text |
| Content type code | txt |
| Source | rdacontent |
| 337 ## - MEDIA TYPE | |
| Media type term | unmediated |
| Media type code | n |
| Source | rdamedia |
| 338 ## - CARRIER TYPE | |
| Carrier type term | volume |
| Carrier type code | nc |
| Source | rdacarrier |
| 650 #4 - SUBJECT ADDED ENTRY--TOPICAL TERM | |
| Topical term or geographic name entry element | الحضارة-تاريخ |
| 9 (RLIN) | 60455 |
| Withdrawn status | Lost status | Source of classification or shelving scheme | Damaged status | Not for loan | Home library | Current library | Shelving location | Date acquired | Total Checkouts | Full call number | Barcode | Date last seen | Price effective from | Koha item type |
|---|---|---|---|---|---|---|---|---|---|---|---|---|---|---|
| Library of Congress Classification | مكتبة جامعة عجلون الوطنية | مكتبة جامعة عجلون الوطنية | المراجع | 06/06/2023 | CB53.D8712 2002 | A27261 | 06/06/2023 | 06/06/2023 | Reference |